Frontiers of fungal diversity in india (Record no. 329507)

000 -LEADER
fixed length control field nam a22 7a 4500
003 - CONTROL NUMBER IDENTIFIER
control field ASAB
005 - DATE AND TIME OF LATEST TRANSACTION
control field 20170511114858.0
008 - FIXED-LENGTH DATA ELEMENTS--GENERAL INFORMATION
fixed length control field 170511b xxu||||| |||| 00| 0 eng d
020 ## - INTERNATIONAL STANDARD BOOK NUMBER
International Standard Book Number 81-85860-92-0
040 ## - CATALOGING SOURCE
Transcribing agency ASAB
082 ## - DEWEY DECIMAL CLASSIFICATION NUMBER
Classification number 579.5
100 ## - MAIN ENTRY--PERSONAL NAME
Personal name Prof. Kamal Festschrift
9 (RLIN) 421
245 ## - TITLE STATEMENT
Title Frontiers of fungal diversity in india
Statement of responsibility, etc. Editors: G P Rao, et.al..
260 ## - PUBLICATION, DISTRIBUTION, ETC.
Place of publication, distribution, etc. India.
Name of publisher, distributor, etc. International book distributing co.
Date of publication, distribution, etc. 2003.
300 ## - PHYSICAL DESCRIPTION
Extent 906 P.
942 ## - ADDED ENTRY ELEMENTS (KOHA)
Source of classification or shelving scheme
Koha item type Book
Holdings
Withdrawn status Lost status Source of classification or shelving scheme Damaged status Not for loan Collection code Permanent Location Current Location Date acquired Total Checkouts Full call number Barcode Date last seen Price effective from Koha item type
            Atta-ur-Rahman School of Applied Biosciences (ASAB) Atta-ur-Rahman School of Applied Biosciences (ASAB) 05/11/2017   579.5 RAO ASAB1844 05/11/2017 05/11/2017 Book
© 2023 Central Library, National University of Sciences and Technology. All Rights Reserved.